Responses for Show #8684 - Thursday, July 14, 2022

Contestants

[<< previous game]

Anjali Bhat, a lawyer from New York, New York

Mark Primiano, a shelter veterinarian from Chicago, Illinois

Emily Fiasco, a middle school band director from St. Louis, Missouri (whose 1-day cash winnings total $28,000)

[next game >>]

Jeopardy! Round responses

THE FOUNDING FATHERS
EARTH
TV SHOWS BY EPISODE TITLE
UNITS OF MEASURE
TERRIBLE SUPERVILLAIN NAMES
THAT'S COLD!
    $200 6
George Washington

Emily
    $200 14
the Grand Canyon

Emily
    $200 1
The Simpsons

Emily
    $200 26
a bee

Anjali
    $200 8
a stalemate

Mark
    $200 15
Frosty (the Snowman)

Mark
    $400 7
(Samuel) Adams

Mark
    $400 20
the Amazon

Mark
    $400 2
Breaking Bad

Mark
    $400 27
gasoline

Triple Stumper
    $400 9
a dad bod

Mark
    $400 16
crisp

Emily
    $400 13
taxation

Anjali
    $600 21
(Anjali: What is lava?)

magma

MarkAnjali
    $600 3
The Good Place

Mark
    $600 28
arms

Emily
    $600 10
(Mark: What are premium and co-pay?)
(Anjali: What are premium and deductible?)

deductible & co-pay

MarkAnjali
Triple Stumper
    $600 17
icy

Mark
    $800 24
(Mark: Who is Jefferson?)

Patrick Henry

EmilyMark
    $800 22
the tundra

Triple Stumper
    $800 4
Friday Night Lights

Mark
    $800 29
parcels

Anjali
    $800 11
halitosis

Mark
    $800 18
a meat locker

Triple Stumper
    $1000 25
the Articles of Confederation

Emily
    $1000 23
the Coriolis

Anjali
    $1000 5
Gossip Girl

Emily
    $1000 30
hectare

Emily
    $1000 12
overdraft

Anjali
    $1000 19
raw

Triple Stumper

Scores at the first commercial break (after clue 15):

Emily Mark Anjali
$1,600 $3,200 $800

Scores at the end of the Jeopardy! Round:

Emily Mark Anjali
$5,400 $4,000 $2,200

Double Jeopardy! Round responses

RIVER NAMES
LITERARY CASTLES
ROMANCE LANGUAGES
THE WINDS OF POP CULTURE
I KNOW WHAT YOU DID
4 OF THE SAME LETTER
    $400 21
the Tigris

Emily
    $400 15
Hogwarts

Mark
    $400 1
(Mayim: [*], yes.)
[Laughter]

oui

Mark
    $400 2
"Blowin' In The Wind"

Emily
    $400 10
Angela Merkel

Triple Stumper
    $400 22
a statuette

Anjali
    $800 27
(Emily: What is the Ganges?)
(Anjali: What is [**]?)
[Anjali's response was ruled incorrect; changed to correct before revealing the Final Jeopardy! clue]

the Indus River (the Sindh)

EmilyAnjali
    $800 16
Kafka

Anjali
    $800 7
Portugal

Mark
    $800 3
Storm

Mark
    $800 11
Simone Biles

Emily
    $800 23
beach volleyball

Triple Stumper
    $2,000 28
(Emily: What is the... Chattahoochee?)

the Savannah River

Emily
    $1200 17
[Anjali does not include "The" in her response.]

The Pilgrim's Progress

Anjali
    $1200 8
the Inquisition

Anjali
    $1200 4
the Hurricanes

Mark
    $1200 12
(Amy Coney) Barrett

Emily
    $1200 24
a parliamentarian

Anjali
    $1600 29
the Yangtze

Anjali
    $1600 18
the White Witch

Anjali
    $1600 9
(Mark: What is Pyrenees?)

Dalmatian

EmilyMark
    $1600 5
(Mayim: I highly recommend it.)

A Mighty Wind

Triple Stumper
    $3,000 13
(Desmond) Tutu

Emily
    $1600 25
unprecedented

Anjali
    $2000 30
the Tiber

Triple Stumper
    $2000 19
Dodie Smith

Triple Stumper
    $2000 20
Slavic

Mark
    $2000 6
Inherit the Wind

Anjali
    $2000 14
Dewey

Emily
    $2000 26
(Anjali: What is corroborate?)

corroboration

EmilyAnjali

Scores at the end of the Double Jeopardy! Round:

Emily Mark Anjali
$14,000 $8,000 $12,600

[wagering suggestions for these scores]

Final Jeopardy! Round responses

THE 20th CENTURY
(Mayim: [To Mark] He was the leader of Russia from which Finland was declaring independence.)
MarkWho is Lenin?
$7,500
AnjaliWho is Stalin?
$12,600
EmilyWho is Lenin?
$11,201
Lenin

Final scores:

Emily Mark Anjali
$25,201 $15,500 $0
2-day champion: $53,201 2nd place: $2,000 3rd place: $1,000

Game dynamics:

Coryat scores:

Emily Mark Anjali
$14,600 $8,000 $12,800
17 R
(including 1 DD),
2 W
(including 1 DD)
17 R,
3 W
15 R
(including 1 DD),
3 W

Combined Coryat: $35,400

[game clues] [game scores] [suggest correction]

Game tape date: 2022-05-06
The J! Archive is created by fans, for fans. Scraping, republication, monetization, and malicious use prohibited; this site may use cookies and collect identifying information. See terms. The Jeopardy! game show and all elements thereof, including but not limited to copyright and trademark thereto, are the property of Jeopardy Productions, Inc. and are protected under law. This website is not affiliated with, sponsored by, or operated by Jeopardy Productions, Inc. Join the discussion at JBoard.tv.